NCAA DII College Hockey Teams on a Map - Statistics

General Stats
  • This quiz has been taken 11 times
  • The average score is 4 of 7
Answers on the Map
Answers color-coded by a green-red scale on the quiz's map according to % correct below.
 
Answer Stats
Answer % Correct
Southern New Hampshire
78%
Assumption
67%
Post
67%
St. Anselm
67%
Franklin Pierce
44%
St. Michael's
44%
American International
33%
No matching quizzes found
Score Distribution
Percent of People with Each Score
Percentile by Number Answered
Your Score History
You have not taken this quiz